[Event "Champigny sur Marne op"]
[Site "Champigny sur Marne"]
[Date "2007.03.03"]
[Round "5"]
[White "Rrhioua, Tarik"]
[Black "Debray, Christopher"]
[Result "0-1"]
[WhiteElo "2289"]
[BlackElo "2278"]
[PlyCount "64"]
[EventDate "2007.03.01"]
[EventType "swiss"]
[EventRounds "6"]
[EventCountry "FRA"]
[SourceTitle "CBM 117 Extra"]
[Source "ChessBase"]
[SourceDate "2007.05.09"]
[SourceVersion "1"]
[SourceVersionDate "2007.05.09"]
[SourceQuality "1"]

1. c4 g6 2. g3 Bg7 3. Bg2 Nf6 4. Nc3 0-0 5. e4 d6 6. Nge2 c5 7. 0-0 Nc6 8. h3 a6 9. d3 Rb8 10. f4 Bd7 11. g4 b5 12. g5 Ne8 13. f5 bxc4 14. dxc4 Qc8 15. Nf4 gxf5 16. exf5 Bd4+ 17. Kh2 Ng7 18. f6 exf6 19. gxf6 Bxf6 20. Qxd6 Be5 21. Qh6 Kh8 22. Be4 Nf5 23. Qh5 Rg8 24. Ncd5 Rg7 25. Rf3 Qg8 26. Rb3 Rxb3 27. axb3 Ng3 28. Qf3 Nxe4 29. Qxe4 Rg1 30. Qf3 Nd4 31. Qf2 Rd1 32. Qg2 Nf3+ 0-1

[Event "BEL-chT 0607"]
[Site "Belgium"]
[Date "2007.02.25"]
[Round "9"]
[White "De Haan, Eric"]
[Black "Rrhioua, Tarik"]
[Result "1-0"]
[WhiteElo "2307"]
[BlackElo "2289"]
[PlyCount "75"]
[EventDate "2006.10.01"]
[EventType "team-tourn"]
[EventRounds "11"]
[EventCountry "BEL"]
[SourceTitle "EXT 2008"]
[Source "ChessBase"]
[SourceDate "2007.11.25"]
[SourceVersion "1"]
[SourceVersionDate "2007.11.25"]
[SourceQuality "1"]
[WhiteTeam "Borgerhout"]
[BlackTeam "Liege Crelel"]
[WhiteTeamCountry "BEL"]
[BlackTeamCountry "BEL"]

1. d4 Nf6 2. c4 g6 3. Nc3 Bg7 4. e4 d6 5. f3 0-0 6. Bg5 c5 7. d5 Na6 8. Bd3 Nc7 9. f4 Re8 10. Nf3 b5 11. cxb5 a6 12. a4 Rb8 13. 0-0 axb5 14. axb5 Bd7 15. Qe2 c4 16. Bxc4 Nxb5 17. e5 Nxc3 18. bxc3 Bf5 19. Nd4 Bg4 20. Qf2 Ne4 21. Qh4 h5 22. Nc6 Qb6+ 23. Kh1 f6 24. Qe1 fxg5 25. Qxe4 Bf5 26. Qe2 gxf4 27. Nxb8 Rxb8 28. Bd3 Bxd3 29. Qxd3 dxe5 30. Rfb1 Qd6 31. Rxb8+ Qxb8 32. Qxg6 h4 33. Rb1 Qa8 34. Qc6 Qa2 35. Qe8+ Kh7 36. Qh5+ Bh6 37. Qf5+ Kg7 38. Qxe5+ 1-0

[Event "Paris-ch"]
[Site "Paris"]
[Date "2006.07.12"]
[Round "4"]
[White "Shchekachev, Andrei"]
[Black "Rrhioua, Tarik"]
[Result "1-0"]
[WhiteElo "2593"]
[BlackElo "2329"]
[PlyCount "53"]
[EventDate "2006.07.08"]
[EventType "swiss"]
[EventRounds "9"]
[EventCountry "FRA"]
[SourceTitle "EXT 2007"]
[Source "ChessBase"]
[SourceDate "2006.11.23"]
[SourceVersion "1"]
[SourceVersionDate "2006.11.23"]
[SourceQuality "1"]

1. Nf3 Nf6 2. c4 g6 3. Nc3 Bg7 4. e4 d6 5. d4 0-0 6. Be2 e5 7. Be3 Na6 8. 0-0 Ng4 9. Bg5 f6 10. Bc1 h5 11. Rb1 Nh6 12. b4 exd4 13. Nxd4 f5 14. Bxh6 Bxh6 15. exf5 Bxf5 16. Nxf5 Rxf5 17. Bd3 Rf6 18. Nd5 c6 19. Nxf6+ Qxf6 20. c5 Nc7 21. cxd6 Qxd6 22. Bc4+ Nd5 23. b5 Qc5 24. Qd3 Kh7 25. bxc6 bxc6 26. Bxd5 cxd5 27. Rb5 1-0

[Event "Grenoble Masters 5th"]
[Site "Grenoble"]
[Date "2006.06.30"]
[Round "9"]
[White "Bijaoui, Manuel"]
[Black "Rrhioua, Tarik"]
[Result "1-0"]
[WhiteElo "2344"]
[BlackElo "2330"]
[PlyCount "87"]
[EventDate "2006.06.22"]
[EventType "tourn"]
[EventRounds "10"]
[EventCountry "FRA"]
[EventCategory "3"]
[SourceTitle "CBM 112 Extra"]
[Source "ChessBase"]
[SourceDate "2006.07.14"]
[SourceVersion "1"]
[SourceVersionDate "2006.07.14"]
[SourceQuality "1"]

1. e4 e6 2. d4 d5 3. Nd2 Nf6 4. e5 Nfd7 5. Bd3 c5 6. c3 Nc6 7. Ne2 cxd4 8. cxd4 f6 9. exf6 Nxf6 10. Nf3 Bd6 11. 0-0 Qc7 12. Nc3 a6 13. Bg5 0-0 14. Re1 Bd7 15. Bh4 Rae8 16. Rc1 Bf4 17. Bg3 Nh5 18. Bxf4 Qxf4 19. Bf1 Rf6 20. Re3 Ref8 21. g3 Qh6 22. Bg2 g5 23. Rc2 Be8 24. Ne5 Nxe5 25. Rxe5 Ng7 26. Qe1 Bg6 27. Rd2 Bf5 28. Na4 Qh5 29. f3 Bh3 30. Bh1 Rxf3 31. Bxf3 Rxf3 32. Rf2 Rxf2 33. Kxf2 Qg4 34. Qd2 Nf5 35. Nc5 h6 36. Nxe6 Nd6 37. Qe2 Ne4+ 38. Ke1 Qxe2+ 39. Kxe2 Nf6 40. Nc5 Bc8 41. Re7 b6 42. Nd3 Kf8 43. Rc7 Bg4+ 44. Ke3 1-0

[Event "Grenoble Masters 5th"]
[Site "Grenoble"]
[Date "2006.06.29"]
[Round "8"]
[White "Rrhioua, Tarik"]
[Black "Aguettaz, Maxime"]
[Result "1-0"]
[WhiteElo "2330"]
[BlackElo "2327"]
[PlyCount "121"]
[EventDate "2006.06.22"]
[EventType "tourn"]
[EventRounds "10"]
[EventCountry "FRA"]
[EventCategory "3"]
[SourceTitle "CBM 112 Extra"]
[Source "ChessBase"]
[SourceDate "2006.07.14"]
[SourceVersion "1"]
[SourceVersionDate "2006.07.14"]
[SourceQuality "1"]

1. Nf3 g6 2. d4 Nf6 3. b3 Bg7 4. Bb2 0-0 5. Nbd2 c5 6. e3 cxd4 7. exd4 d5 8. Be2 Nc6 9. 0-0 Bf5 10. Nh4 Be6 11. Nhf3 Rc8 12. Re1 Ne4 13. c3 Nd6 14. Nf1 b5 15. Ne3 h6 16. Bd3 Qb6 17. Nc2 b4 18. Nxb4 Nxb4 19. cxb4 Ne4 20. Bxe4 dxe4 21. Rxe4 Qxb4 22. Ne5 Qb7 23. Re2 Bd5 24. f3 h5 25. Nd3 e6 26. Nc5 Qe7 27. b4 Rfd8 28. Qe1 h4 29. h3 Qg5 30. Qf2 Qh5 31. a4 Ba8 32. Rae1 Rd5 33. Re4 Bf6 34. Rf4 Rf5 35. Rxf5 gxf5 36. d5 Bxb2 37. Qxb2 Bxd5 38. Nd7 Qh8 39. Nf6+ Kf8 40. Qe5 Ba8 41. Rd1 Qh6 42. Nd7+ Kg8 43. Nf6+ Kf8 44. Rd3 Qc1+ 45. Kh2 Qc7 46. Qxc7 Rxc7 47. Rd4 e5 48. Nd7+ Ke7 49. Nxe5 Ke6 50. Nc4 Bd5 51. Ne3 Bb3 52. b5 Rc3 53. Nf1 Rc1 54. Nd2 Bd5 55. Rxh4 Ke5 56. Kg3 Rd1 57. Nc4+ Ke6 58. Ne3 Rd3 59. Nxd5 Rxd5 60. Rb4 Rd2 61. a5 1-0

[Event "Grenoble Masters 5th"]
[Site "Grenoble"]
[Date "2006.06.24"]
[Round "3"]
[White "Rrhioua, Tarik"]
[Black "Foisor, Ovidiu Doru"]
[Result "0-1"]
[WhiteElo "2330"]
[BlackElo "2409"]
[PlyCount "48"]
[EventDate "2006.06.22"]
[EventType "tourn"]
[EventRounds "10"]
[EventCountry "FRA"]
[EventCategory "3"]
[SourceTitle "CBM 112 Extra"]
[Source "ChessBase"]
[SourceDate "2006.07.14"]
[SourceVersion "1"]
[SourceVersionDate "2006.07.14"]
[SourceQuality "1"]

1. Nf3 g6 2. g3 Bg7 3. Bg2 c5 4. 0-0 Nc6 5. d3 e5 6. Nc3 h6 7. e4 Nge7 8. Be3 d6 9. Qd2 f5 10. h4 Be6 11. a3 Qd7 12. b4 Nd4 13. Rfe1 Nxf3+ 14. Bxf3 f4 15. gxf4 exf4 16. Bxf4 0-0 17. Nd5 Bxd5 18. exd5 g5 19. hxg5 hxg5 20. Bxg5 Rxf3 21. Rxe7 Qg4+ 22. Kf1 Rh3 23. Rxg7+ Kxg7 24. Qc3+ Kg8 0-1

[Event "Bois Colombes op 2nd"]
[Site "Bois Colombes"]
[Date "2005.12.22"]
[Round "2"]
[White "Rrhioua, Tarik"]
[Black "Maleki, Nicolas"]
[Result "1/2-1/2"]
[WhiteElo "2319"]
[BlackElo "2117"]
[PlyCount "90"]
[EventDate "2005.12.21"]
[EventType "swiss"]
[EventRounds "6"]
[EventCountry "FRA"]
[SourceTitle "EXT 2007"]
[Source "ChessBase"]
[SourceDate "2006.11.23"]
[SourceVersion "1"]
[SourceVersionDate "2006.11.23"]
[SourceQuality "1"]

1. Nf3 d5 2. g3 Nf6 3. Bg2 c6 4. 0-0 Bg4 5. Ne5 Bf5 6. c4 e6 7. d4 Nbd7 8. Qb3 Qb6 9. Nxd7 Nxd7 10. Nc3 Qxb3 11. axb3 Bc2 12. cxd5 exd5 13. e4 dxe4 14. Bxe4 Bxe4 15. Nxe4 Bb4 16. Ra4 a5 17. Bd2 Nb6 18. Ra2 Bxd2 19. Nxd2 Nd5 20. Re1+ Kd7 21. Nc4 b6 22. Ne5+ Kc7 23. Nxf7 Rhf8 24. Ng5 Kd7 25. Raa1 h6 26. Ne4 Rf3 27. Nc3 Nxc3 28. bxc3 Rxc3 29. Re3 Rxe3 30. fxe3 Rf8 31. Rf1 Rxf1+ 32. Kxf1 b5 33. Ke2 a4 34. bxa4 bxa4 35. Kd3 c5 36. d5 a3 37. Kc2 c4 38. e4 Kd6 39. h3 g6 40. Kc3 Ke5 41. Kc2 Kd6 42. h4 h5 43. Kc3 Ke5 44. Kc2 Kd6 45. Kc3 Ke5 1/2-1/2

[Event "Paris-ch"]
[Site "Paris"]
[Date "2005.07.17"]
[Round "9"]
[White "Zaragatski, Ilja"]
[Black "Rrhioua, Tarik"]
[Result "1/2-1/2"]
[WhiteElo "2389"]
[BlackElo "2315"]
[PlyCount "42"]
[EventDate "2005.07.10"]
[EventType "swiss"]
[EventRounds "9"]
[EventCountry "FRA"]
[SourceTitle "CBM 107 Extra"]
[Source "ChessBase"]
[SourceDate "2005.09.01"]
[SourceVersion "1"]
[SourceVersionDate "2005.09.01"]
[SourceQuality "1"]

1. e4 e6 2. d4 d5 3. Nd2 Nf6 4. e5 Nfd7 5. c3 c5 6. Bd3 Nc6 7. Ne2 cxd4 8. cxd4 f6 9. exf6 Nxf6 10. Nf3 Bd6 11. 0-0 Qc7 12. Bg5 0-0 13. Rc1 Bd7 14. Bh4 Rae8 15. Qc2 Bc8 16. Bb5 Bd7 17. Bg3 Ne4 18. Bxd6 Qxd6 19. Bxc6 Bxc6 20. Ng3 Rxf3 21. gxf3 Ng5 1/2-1/2

[Event "Paris-ch"]
[Site "Paris"]
[Date "2005.07.14"]
[Round "6"]
[White "Rrhioua, Tarik"]
[Black "Serafimov, Tervel"]
[Result "0-1"]
[WhiteElo "2315"]
[BlackElo "2405"]
[PlyCount "122"]
[EventDate "2005.07.10"]
[EventType "swiss"]
[EventRounds "9"]
[EventCountry "FRA"]
[SourceTitle "CBM 107 Extra"]
[Source "ChessBase"]
[SourceDate "2005.09.01"]
[SourceVersion "1"]
[SourceVersionDate "2005.09.01"]
[SourceQuality "1"]

1. Nf3 g6 2. g3 Bg7 3. Bg2 e5 4. e4 Ne7 5. 0-0 Nbc6 6. Nc3 0-0 7. d3 h6 8. Be3 f5 9. Qd2 g5 10. exf5 Nxf5 11. Bc5 d6 12. Ba3 Be6 13. Ne1 Nfe7 14. Ne2 Qe8 15. c3 Qh5 16. f3 Rae8 17. Nc2 Bd5 18. Ne3 Be6 19. Rae1 Nd5 20. Ng4 Qg6 21. Nf2 h5 22. Ne4 Bh6 23. c4 g4 24. f4 exf4 25. cxd5 f3 26. Nf4 Bxf4 27. gxf4 fxg2 28. Qxg2 Bxd5 29. b3 Rf5 30. Bb2 Ref8 31. Qd2 g3 32. Rf3 h4 33. hxg3 Ne5 34. Bxe5 dxe5 35. Qh2 Rxf4 36. Rxf4 Rxf4 37. Qh3 Be6 38. Qxe6+ Qxe6 39. gxf4 Qg4+ 40. Kf1 Qh3+ 41. Ke2 exf4 42. Rg1+ Kf8 43. Nf2 Qe3+ 44. Kf1 h3 45. Rg4 h2 46. Rh4 f3 47. Re4 Qxf2+ 48. Kxf2 h1Q 49. Rf4+ Ke7 50. Rxf3 Qh2+ 51. Ke3 Qxa2 52. b4 Qa3 53. Rf4 Qc1+ 54. Ke4 Ke6 55. Rg4 Qh1+ 56. Kd4 Qc1 57. b5 Qa1+ 58. Ke3 Qb2 59. Re4+ Kd5 60. Rg4 Qc1+ 61. Ke2 Kc5 0-1

[Event "Geneve op2"]
[Site "Geneve"]
[Date "2005.04.03"]
[Round "7"]
[White "Rrhioua, Tarik"]
[Black "Zult, Daan"]
[Result "0-1"]
[WhiteElo "2319"]
[BlackElo "2167"]
[PlyCount "92"]
[EventDate "2005.03.31"]
[EventType "swiss"]
[EventRounds "7"]
[EventCountry "SUI"]
[SourceTitle "CBM 105 Extra"]
[Source "ChessBase"]
[SourceDate "2005.05.01"]
[SourceVersion "1"]
[SourceVersionDate "2005.05.01"]
[SourceQuality "1"]

1. Nf3 c5 2. b3 Nc6 3. Bb2 Nf6 4. e3 g6 5. Be2 Bg7 6. 0-0 0-0 7. c4 b6 8. d4 cxd4 9. exd4 d5 10. Na3 Bb7 11. Nc2 Rc8 12. Ne3 e6 13. Rc1 dxc4 14. bxc4 Qe7 15. Qa4 Rfd8 16. Rfd1 Ne4 17. Ba3 Qd7 18. c5 Nxd4 19. Rxd4 Bxd4 20. Bb5 Qe7 21. Nxd4 Nxc5 22. Qb4 Qf6 23. Ne2 Ne4 24. Rf1 Rd2 25. f3 Qg5 26. Ng4 h5 27. h4 Qc5+ 28. Qxc5 Nxc5 29. Ne3 Rxa2 30. Bc1 Nb3 31. Nc4 Rxe2 32. Nd6 Rxc1 33. Bxe2 Rxf1+ 34. Kxf1 Nc5 35. Bb5 Kf8 36. Ke2 Ke7 37. Nc4 Ba6 38. Bxa6 Nxa6 39. Ne5 Nb8 40. Kd3 a6 41. g4 Nd7 42. Nc6+ Kd6 43. Nd8 Ne5+ 44. Ke4 Kc7 45. Nxe6+ fxe6 46. Kxe5 a5 0-1

[Event "Canarias en Red prel 4th"]
[Site "Playchess.com INT"]
[Date "2004.05.06"]
[Round "6"]
[White "Rrhioua, Tarik"]
[Black "Kuznecov, Mikhail"]
[Result "0-1"]
[WhiteElo "2319"]
[BlackElo "2334"]
[PlyCount "144"]
[EventDate "2004.05.06"]
[EventType "swiss (blitz)"]
[EventRounds "13"]
[EventCountry "GER"]
[SourceTitle "EXT 2005"]
[Source "ChessBase"]
[SourceDate "2004.11.15"]
[SourceVersion "1"]
[SourceVersionDate "2004.11.15"]
[SourceQuality "1"]

1. e4 d6 2. d4 Nf6 3. Nc3 e5 4. Nf3 exd4 5. Nxd4 Be7 6. Bc4 0-0 7. 0-0 Nc6 8. f3 Nd7 9. Be3 Bf6 10. Nd5 Nxd4 11. Nxf6+ Nxf6 12. Bxd4 Be6 13. Bd3 Nd7 14. Qe1 Ne5 15. Qg3 f6 16. Be2 Qe7 17. b3 Rad8 18. c4 Ng6 19. f4 Bf7 20. Bd3 Rfe8 21. Rae1 Qd7 22. h4 Qe7 23. h5 Nf8 24. h6 g6 25. Qh4 Nd7 26. Rf3 a6 27. Rfe3 c6 28. Bb1 Be6 29. f5 Bf7 30. Rg3 g5 31. Be3 Kh8 32. Rxg5 Rg8 33. Rg7 Rxg7 34. hxg7+ Kxg7 35. Kf2 Rg8 36. Rh1 h5 37. Qf4 Kf8 38. Rd1 Ne5 39. c5 d5 40. exd5 Bxd5 41. g3 Ng4+ 42. Kg1 Qxe3+ 43. Qxe3 Nxe3 44. Re1 Ng4 45. Bd3 Ne5 46. Re3 h4 47. Be2 Rxg3+ 48. Rxg3 hxg3 49. Bd1 Nd7 50. b4 Be4 51. Bg4 Ne5 52. Bh3 Nd3 53. a3 Ke7 54. Bf1 a5 55. Bxd3 Bxd3 56. Kg2 Bxf5 57. Kxg3 axb4 58. axb4 Bd3 59. Kf4 Ke6 60. Ke3 Bb5 61. Kf4 f5 62. Kg5 Ke5 63. Kg6 f4 64. Kf7 f3 65. Ke7 f2 66. Kd7 f1Q 67. Kc7 Ba6 68. Kb6 Qb5+ 69. Ka7 Qxb4 70. Kb8 Qxc5 71. Ka8 b5 72. Kb8 Qb6+ 0-1

[Event "Canarias en Red prel 2nd"]
[Site "Playchess.com INT"]
[Date "2004.05.04"]
[Round "8"]
[White "Rrhioua, Tarik"]
[Black "Dorst, Johannes"]
[Result "0-1"]
[WhiteElo "2319"]
[BlackElo "2147"]
[PlyCount "90"]
[EventDate "2004.05.04"]
[EventType "swiss (blitz)"]
[EventRounds "13"]
[EventCountry "GER"]
[SourceTitle "EXT 2005"]
[Source "ChessBase"]
[SourceDate "2004.11.15"]
[SourceVersion "1"]
[SourceVersionDate "2004.11.15"]
[SourceQuality "1"]

1. e4 c5 2. Nf3 Nc6 3. Bb5 d6 4. 0-0 e5 5. Bxc6+ bxc6 6. d3 g6 7. Be3 Bg7 8. Nbd2 Ne7 9. Nc4 0-0 10. b3 Be6 11. Nfd2 f5 12. Bg5 f4 13. f3 h6 14. Bxe7 Qxe7 15. a4 Kh7 16. Na5 Rac8 17. Qe2 g5 18. Nac4 Bf6 19. a5 Rg8 20. h3 h5 21. Kf2 Rg6 22. Rh1 Rcg8 23. a6 Kg7 24. Ra4 Kf8 25. Rh2 g4 26. hxg4 hxg4 27. fxg4 Bxg4 28. Nf3 Bxf3 29. Qxf3 Bh4+ 30. Kf1 Qg5 31. Nd2 Bg3 32. Rh3 Rh6 33. Nc4 Rxh3 34. gxh3 Qh4 35. Qh1 Bf2 36. Nxd6 Rg1+ 37. Qxg1 Bxg1 38. Kxg1 Qg3+ 39. Kf1 Qxh3+ 40. Ke1 Qh1+ 41. Kf2 Qh2+ 42. Ke1 Qg1+ 43. Ke2 Qg2+ 44. Ke1 f3 45. Kd1 f2 0-1

[Event "Canarias en Red prel 2nd"]
[Site "Playchess.com INT"]
[Date "2004.05.04"]
[Round "5"]
[White "Rrhioua, Tarik"]
[Black "Schiendorfer, Emanuel"]
[Result "1/2-1/2"]
[WhiteElo "2319"]
[BlackElo "2041"]
[PlyCount "173"]
[EventDate "2004.05.04"]
[EventType "swiss (blitz)"]
[EventRounds "13"]
[EventCountry "GER"]
[SourceTitle "EXT 2005"]
[Source "ChessBase"]
[SourceDate "2004.11.15"]
[SourceVersion "1"]
[SourceVersionDate "2004.11.15"]
[SourceQuality "1"]

1. e4 c5 2. Nf3 e6 3. c3 Nc6 4. d4 d5 5. e5 cxd4 6. cxd4 Bb4+ 7. Bd2 a5 8. Bd3 Nge7 9. 0-0 Bd7 10. a3 Bxd2 11. Qxd2 0-0 12. Nc3 Qb6 13. Rac1 Ng6 14. Na4 Qa7 15. Nc5 Rad8 16. Bb1 b6 17. Nd3 Rc8 18. Rc3 Nce7 19. Rfc1 Bb5 20. Nf4 Qb7 21. Nh5 Bc4 22. Qg5 b5 23. Nh4 Be2 24. Ng3 Bc4 25. Nxg6 Nxg6 26. h4 Qe7 27. Bxg6 Qxg5 28. hxg5 hxg6 29. b3 b4 30. axb4 axb4 31. R3c2 Ba6 32. Rxc8 Rxc8 33. Rxc8+ Bxc8 34. Nf1 Ba6 35. Ne3 Bd3 36. f4 Kf8 37. Kf2 Ke7 38. Ke1 f6 39. gxf6+ gxf6 40. g4 fxe5 41. fxe5 Be4 42. g5 Bf5 43. Kd2 Be4 44. Kc1 Kd7 45. Kb2 Kc6 46. Ng4 Bf5 47. Nf6 Kb5 48. Ne8 Kb6 49. Nd6 Kc6 50. Nf7 Kb6 51. Nh6 Kc6 52. Ng8 Kb6 53. Ne7 Kc7 54. Ng8 Kb6 55. Nh6 Kc6 56. Nf7 Kb6 57. Nd6 Kc6 58. Ne8 Kd7 59. Ng7 Kc6 60. Kc1 Kb6 61. Kd2 Kc6 62. Ke3 Kd7 63. Kd2 Kc6 64. Kc1 Kb5 65. Nxf5 exf5 66. e6 Kc6 67. Kd2 Kd6 68. Ke3 Kxe6 69. Kf4 Kd6 70. Kf3 Ke6 71. Ke3 Ke7 72. Kf4 Kf7 73. Kg3 f4+ 74. Kxf4 Ke6 75. Kg4 Kd6 76. Kf3 Ke6 77. Kf4 Kd6 78. Ke3 Ke6 79. Kf3 Kd6 80. Kf4 Ke6 81. Kg4 Kd6 82. Kg3 Ke6 83. Kf4 Kd6 84. Ke3 Ke6 85. Kf3 Kd6 86. Kg4 Ke6 87. Kf4 1/2-1/2